|
|
|
|
| LEADER |
01004nam a2200301 4500 |
| 001 |
DLU090076301 |
| 005 |
##20090220 |
| 040 |
# |
# |
|a DLU
|b vie
|
| 041 |
# |
# |
|a vie
|
| 044 |
# |
# |
|a vn
|
| 100 |
# |
# |
|a Nguyễn Văn Sự,
|c ThS.
|
| 245 |
# |
# |
|a Đảng cộng sản Việt Nam lựa chọn hình thức, bước đi, cách làm trong quá trình đổi mới đưa đất nước ra khỏi khủng hoảng kinh tế - xã hội /
|c Nguyễn Văn Sự.
|
| 653 |
# |
# |
|a Đảng Cộng sản Việt Nam
|
| 653 |
# |
# |
|a Đổi mới
|
| 653 |
# |
# |
|a Cải cách
|
| 653 |
# |
# |
|a Chế độ XHCN
|
| 653 |
# |
# |
|a Khủng hoảng
|
| 653 |
# |
# |
|a Kinh tế-xãhội
|
| 773 |
# |
# |
|t Tạp chí lịch sử Đảng
|g Số 9(166), 2004, tr. 19-22
|
| 920 |
# |
# |
|a Phòng Tạp chí -- Trung tâm Thông tin - Thư viện Trường Đại học Đà Lạt
|
| 994 |
# |
# |
|a DLU
|
| 900 |
# |
# |
|a True
|
| 911 |
# |
# |
|a Lý Thị Hồng Hạnh
|
| 925 |
# |
# |
|a G
|
| 926 |
# |
# |
|a A
|
| 927 |
# |
# |
|a BB
|
| 980 |
# |
# |
|a Thư viện Trường Đại học Đà Lạt
|